| 000 | 00846nam a22001577a 4500 | ||
|---|---|---|---|
| 003 | OSt | ||
| 005 | 20151104152003.0 | ||
| 008 | 151104b xxu||||| |||| 00| 0 eng d | ||
| 040 | _cRUA | ||
| 082 | _aFOR PRU 1997 B123 Or.1 | ||
| 100 |
_93355 _aPRUM, CHANTHY. |
||
| 245 | _aStudy and evaluation of natural regeneration of dipterocarpaceae after logging in colexim forest concession at kompong thom province, សិក្សានិងវាយតំលៃលើដំណុះឈើក្នុងគ្រសារ dipterocarpaceae នៅក្នុង ព្រៃគុបសម្បទានសមគ្រាសកូឡិចស៊ីម ខេត្តកំពង់ធំ ក្រោយពេលធ្វើអាឃជីវកម្មរួច | ||
| 260 |
_aPhnom Penh _bRUA _c1997 |
||
| 300 |
_a83p. _bill. _c29cm. |
||
| 942 |
_2ddc _cFOR |
||
| 999 |
_c3128 _d3128 |
||